01017pam a2200277 i 45000010005000000030008000050050017000130080039000300200015000690200022000840350018001060400032001240410008001560820016001641000023001802450163002032600091003663000033004574900038004905000020005285040030005486500059005786500060006377000021006977000021007183487BD-RjUL20211208233734.0131219s1979 mdua b 00110 eng a0801822769 a0801822777 (pbk.) a(BD-RjUL)3521 aDLCcDLCdBOSdBD-RjULbeng aeng a338.43bMUE10aMunasinghe, Mohan.14aThe economics of power system reliability and planning :btheory and case study /cMoham Munasinghe, with contributions by Walter G. Scott and Mark Gellerson. aBaltimore :bPublished for the World Bank [by] Johns Hopkins University Press,cc1979. axx, 323 p. :bill. ;c24 cm.0 aA World Bank research publication aIncludes index. aBibliography: p. 306-314. 0aElectric power systemsxReliabilityxEconomic aspects. 0aElectric utilitieszDeveloping countriesxCase studies.10aScott, Walter G.10aGellerson, Mark.